000
00234nam a2200097Ia 4500
005
20250424112847.0
008
250424s9999 xx 000 0 und d
300
_a
v. , 76 p. : ill. ; 28 cm.
650
_a
Islam--Periodicals
942
_c
SR
999
_c
37555
_d
37555